| 000 | 00989nam a22002417a 4500 | ||
|---|---|---|---|
| 001 | 0000002367 | ||
| 003 | PPM | ||
| 005 | 20250908124305.0 | ||
| 008 | 250908b ||||| |||| 00| 0 eng d | ||
| 020 | _qHardback | ||
| 035 | _a0000002367, 0000002368 | ||
| 040 |
_bEng _cPusat Penyelidikan Mineral, jabatan Mineral Dan Geosains Malaysia _erda |
||
| 082 | 0 | 0 |
_223 _a627.73 _bDRE 1980 |
| 111 | 2 |
_a World Dredging Conference (9th : 1980 ) _cVancouver, B.C. |
|
| 245 | 1 | 4 |
_aDredging, Progress In Equipment And Methods : Proceedings of WODCON IX, Ninth World Dredging Conference, Vancouver, British Columbia, Canada, October 29 to 31, 1980 / _cedited by Judith Powers |
| 260 | 1 |
_aLong Beach, California : _bSymcon Pub. Co., _c1980 |
|
| 300 | 0 | 0 |
_axv, 945 pages .: _bgraph, maps, illustrations .; _c24 cm |
| 504 | _a Includes bibliographical references. | ||
| 650 | 1 | 0 |
_aDredging _xCongresses. |
| 700 | 1 |
_aPowers, Judith _eeditor |
|
| 710 | 2 | _aWestern Dredging Association | |
| 942 |
_2ddc _cBK |
||
| 999 |
_c26730 _d26730 |
||